00365nam a2200133Ia 4500008004000000020001500040082001300055100003300068245005300101250000500154260004000159300001200199650002000211210210b1982 xxu||||| |||| 00| 0 eng d a047186840X a581 WEIB aWEIER (T Elliot) and others. aBotany: ans introduction to plant biology. Ed 6. a aNew YorkbJohn Wiley and Sonsc1982 axii,720 aPlant Biology